Statystyki dla Którego państwa to flaga?

Kliknij tutaj aby rozwiązać quiz!

Ogólne statystyki

  • Ten quiz został rozwiązany 168 razy
  • Średni wynik to 17 z 20

Statystyki odpowiedzi

Odpowiedź% Poprawnych
Monako
99%
Islandia
97%
Łotwa
97%
Urugwaj
97%
Liechtenstein
96%
Nowa Zelandia
96%
Kosowo
95%
Wenezuela
94%
Panama
93%
Kenia
91%
Maroko
90%
Andora
89%
Tajlandia
86%
Paragwaj
77%
Seszele
74%
Turkmenistan
73%
Zambia
68%
Burkina Faso
66%
Salwador
63%
Tadżykistan
62%

Rozkład punktacji

Percentyl według liczby udzielonych odpowiedzi

Procent ludzi z każdym wynikiem

Twoja historia wyników

Nie rozwiązałeś tego quizu